| Tag |
First Indicator |
Second Indicator |
Subfields |
| LEADER |
00000cam a2200000 4500 |
| 001 |
in00000052196 |
| 005 |
20151007070023.0 |
| 008 |
750324s1922 nyu 00000 eng u |
| 010 |
|
|
|a 22007665
|
| 035 |
|
|
|a (OCoLC)01232087
|
| 035 |
|
|
|9 AAE3176AM
|
| 040 |
|
|
|c YNG
|d TXA
|d UtOrBLW
|
| 049 |
|
|
|a TXAM
|c [17797]
|
| 050 |
|
0 |
|a QB44
|b .H3
|
| 092 |
|
|
|a 523
|b H16n
|
| 100 |
1 |
|
|a Hale, George Ellery,
|d 1868-1938.
|
| 245 |
1 |
4 |
|a The new heavens /
|c by George Ellery Hale ... with numerous illustrations.
|
| 264 |
|
1 |
|a New York :
|b C. Scribner,
|c 1922.
|
| 300 |
|
|
|a xv, 88 pages :
|b frontispiece, illustrations, diagrams ;
|c 20 cm.
|
| 336 |
|
|
|a text
|b txt
|2 rdacontent
|
| 337 |
|
|
|a unmediated
|b n
|2 rdamedia
|
| 338 |
|
|
|a volume
|b nc
|2 rdacarrier
|
| 650 |
|
0 |
|a Astronomy.
|
| 999 |
|
|
|a MARS
|
| 999 |
f |
f |
|s b366ad1c-804c-32a1-aa69-89c5149adb81
|i 2c99a49f-d2bb-39b9-9fdc-3760bb876269
|t 0
|
| 952 |
f |
f |
|p normal
|a Texas A&M University
|b College Station
|c Sterling C. Evans Library
|d Evans: Library Stacks
|t 0
|e QB44 .H3
|h Library of Congress classification
|i unmediated -- volume
|m A14833957885
|
| 998 |
f |
f |
|a QB44 .H3
|t 0
|l Evans: Library Stacks
|